Contrabandistas de migrantes a pequeña escala de Tamaulipas, México /
Gespeichert in:
| 1. Verfasser: | |
|---|---|
| Format: | Text |
| Tags: |
Tag hinzufügen
Keine Tags, Fügen Sie den ersten Tag hinzu!
|
MARC
| LEADER | 00000 a a2200000 04500 | ||
|---|---|---|---|
| 001 | 48853 | ||
| 003 | |||
| 040 | |||
| 100 | |a Izcara Palacios, Simón Pedro | ||
| 245 | |a Contrabandistas de migrantes a pequeña escala de Tamaulipas, México / |c Simón Pedro Izcara Palacios | ||
| 773 | |a volumen21, número42, (2013), páginas 109-134 | ||
| 999 | |c 38510 |d 38510 | ||
